The Oxford dictionary of current English = Từ điển Anh Việt.
Đã lưu trong:
| Format: | Bog |
|---|---|
| Udgivet: |
Nxb Thanh Hoá
1998
|
| Tags: |
Tilføj Tag
Ingen Tags, Vær først til at tagge denne postø!
|
| Thư viện lưu trữ: | Mạng thư viện Đại học Đà Nẵng |
|---|
| LEADER | 00510nam a2200205 a 4500 | ||
|---|---|---|---|
| 001 | 000030375 | ||
| 003 | 6071 | ||
| 005 | 20171030145630.0 | ||
| 008 | 171030s1998 | ||
| 040 | |a LTT | ||
| 082 | 0 | |a 423.96 |b Ox-D | |
| 245 | 0 | 0 | |a The Oxford dictionary of current English = Từ điển Anh Việt. |
| 260 | |b Nxb Thanh Hoá |c 1998 | ||
| OWN | |a LTT | ||
| 999 | |a From the UDN01 | ||
| TYP | |a Monograph | ||
| TYP | |a Printed language | ||
| 980 | |a Mạng thư viện Đại học Đà Nẵng | ||